Normal view
MARC view
- الشورى- الاسلام والاصلاح السياسي
Entry Topical Term
001 - CONTROL NUMBER
- control field: 17642
003 - CONTROL NUMBER IDENTIFIER
- control field: JO-AjAnu
005 - DATE AND TIME OF LATEST TRANSACTION
- control field: 20230606073119.0
008 - FIXED-LENGTH DATA ELEMENTS
- fixed length control field: 230606|| aca||aabn | a|a d
040 ## - CATALOGING SOURCE
- Original cataloging agency: JO-AjAnu
- Transcribing agency: JO-AjAnu
150 ## - HEADING--TOPICAL TERM
- Topical term or geographic name entry element: الشورى- الاسلام والاصلاح السياسي
670 ## - SOURCE DATA FOUND
- Source citation: Work cat.: (JO-AjAnu)9060: النعيم، رائف محمد, author 17641, الشورى: أساسها التشريعي وبعدها الغائي دراسة تأصيلية تحليلية مقارنة لقاعدة الشورى في الفقه السياسي الإسلامي